000 00749nam0a22002531 4500
001 rc\2778922
005 20250806205255.0
035 _a(NLR Aleph) 006905173
090 _a33301
_c33301
100 _a20110915d1942 u y0rusy50 ca
101 0 _arus
102 _aRU
105 _ay z |||||
200 1 _aПомни присягу!
_fМ. Вистин
210 _aМосква
_cВоениздат НКО СССР
_d1942
215 _a38, [2] с.
_d14 см.
700 1 _aВистин
_bМ.А.
_gМарк Аркадьевич
801 0 _aRU
_bNLR
_gpsbo
801 1 _aRU
_bELAR
_2rusmarc
852 _aNLR
_jВ40 Г-2/641
942 _cBOOK
945 _aРоссийская национальная библиотека
980 _aNB
980 _aBV